000 01134nam a2200277Ia 4500
999 _c65265
_d65265
005 20240530110815.0
008 140319s2009 au a f b 000 0 ara d
017 _a2009/21039
_bمصر. دار الكتب
020 _a9789774796490
040 _aGCL /
_cGCL
082 0 4 _221
_a792.025 /
_bب م
100 1 _aبو ، كريستوفر
245 1 2 _aالمسرح والعرض والتكنولوجيا :
_bتطور السينوغرافيا فى القرن العشرين /
_cتأليف كريستوفر بو ؛ ترجمة هبة عجينة ؛ مراجعة نبيل راغب
250 _aط.1
260 _aالقاهرة :
_bوزارة الثقافة : مهرجان القاهرة الدولى للمسرح التجريبى،
_c2009 .
300 _a317 ص. :
_bايض. ؛
_c24 سم.
650 0 7 _aالمسرح
_2qrmak
650 0 7 _aالسينما
_2qrmak
650 0 7 _aالتمثيل
_2qrmak
650 0 7 _aالمسرح
_xتاريخ ونقد
_2qrmak
651 _2qrmak
700 0 _aهبة عجينة
_eمترجم
700 0 _aنبيل راغب
_eمراجع
942 _2ddc
_cBK